[Event "TCh-UKR"]
[Site "Alushta UKR"]
[Date "2007.04.26"]
[Round "6"]
[White "Kruglyakov,P"]
[Black "Onischuk,Al"]
[Result "1/2-1/2"]
[WhiteElo "2281"]
[BlackElo "2663"]

1.d4 Nf6 2.c4 e6 3.Nc3 Bb4 4.Qc2 O-O 5.a3 Bxc3+ 6.Qxc3 b6 7.Bg5 Bb7 8.f3 h6
9.Bh4 d5 10.e3 Nbd7 11.cxd5 Nxd5 12.Bxd8 Nxc3 13.Bh4 Nd5 14.Bf2 c5 15.e4 N5f6
16.Ne2 Rfd8 17.Nc3 cxd4 18.Bxd4 e5 19.Be3 Nf8 20.Bc4 Rac8 21.Ba2 Ba6 22.Rd1 Rxd1+
23.Kxd1 Bc4 24.Bxc4 Rxc4 25.Kc2 Ne6 26.Rd1 Kf8 27.b4 Ke7 28.Kb3 Rc8 29.Nb5 Ra8
30.a4 Nd7 31.Nc3 Rc8 32.Nd5+ Ke8 33.Ra1 Rc6 34.a5 bxa5 35.Rxa5 a6 36.Ra1 h5
37.Rd1  1/2-1/2

[Event "TCh-UKR"]
[Site "Alushta UKR"]
[Date "2007.04.28"]
[Round "9"]
[White "Oleksienko,M"]
[Black "Onischuk,Al"]
[Result "1/2-1/2"]
[WhiteElo "2560"]
[BlackElo "2663"]

1.e4 e5 2.Nf3 Nc6 3.Bb5 a6 4.Ba4 Nf6 5.O-O Be7 6.Re1 b5 7.Bb3 O-O 8.a4 b4
9.d3 d6 10.a5 Be6 11.Nbd2 Qc8 12.Nc4 h6 13.h3 Rd8 14.Be3 Rb8 15.Ba4 Qb7 16.Nfd2 Bf8
17.Qf3 Nd7 18.c3 Ne7 19.Qg3 Ng6 20.d4 Nf6 21.d5 Bd7 22.Bxd7 Nxd7 23.Ra4 bxc3
24.bxc3 Qa8 25.Ra2 c6 26.Nb6 Nxb6 27.axb6 cxd5 28.exd5 Qxd5 29.Rxa6 Qd3 30.Ra7 d5
31.Nf3 Bd6 32.Qg4 Qxc3 33.Rxf7 Kxf7 34.Qf5+ Kg8 35.Qxg6 Rb7 36.Rc1 Qb2 37.Qe6+ Kh8
38.Rc8 Rb8 39.Rc6 e4 40.Rxd6 exf3 41.Qxd5 Rxd6 42.Qxd6 Ra8 43.Bd4 Qb1+ 44.Kh2 Kh7
45.gxf3 Ra5 46.Qe7 Rg5 47.Qe4+ Qxe4 48.fxe4 Rb5 49.Kg3 g5 50.Kf3 Kg6 51.Ke2 Kf7
52.Kd3 Ke6 53.Kc4 Rb1 54.e5 h5 55.Bc5 Kxe5 56.Bb4 Rd1 57.b7 Rd8 58.Ba5 Re8
59.Kc5 Ke4 60.Bd2 g4 61.hxg4 h4 62.Ba5 Kf4 63.f3 Kxf3 64.g5 Kg4 65.g6 Kf5
66.g7 Kg6 67.Bc7  1/2-1/2

[Event "TCh-RUS"]
[Site "Sochi RUS"]
[Date "2007.05.02"]
[Round "1"]
[White "Grischuk,A"]
[Black "Onischuk,Al"]
[Result "1/2-1/2"]
[WhiteElo "2717"]
[BlackElo "2663"]

1.e4 e5 2.Nf3 Nc6 3.Bb5 a6 4.Ba4 Nf6 5.O-O Be7 6.Re1 b5 7.Bb3 O-O 8.h3 Bb7
9.d3 Re8 10.Nc3 Bb4 11.Ng5 Rf8 12.f4 d6 13.a3 Bc5+ 14.Kh1 Nd4 15.Ba2 h6 16.Nf3 Re8
17.Nxd4 exd4 18.Ne2 Ng4 19.Rf1 Qh4 20.Qe1 Qxe1 21.Rxe1 Ne3 22.Bxe3 dxe3 23.Ng3 Rad8
24.Rad1  1/2-1/2

[Event "TCh-RUS"]
[Site "Sochi RUS"]
[Date "2007.05.05"]
[Round "4"]
[White "Bareev,E"]
[Black "Onischuk,Al"]
[Result "1/2-1/2"]
[WhiteElo "2643"]
[BlackElo "2663"]

1.d4 Nf6 2.c4 e6 3.g3 d5 4.Nf3 Be7 5.Bg2 O-O 6.O-O dxc4 7.Qc2 a6 8.Qxc4 b5
9.Qc2 Bb7 10.Bd2 Be4 11.Qc1 Qc8 12.Bg5 Nbd7 13.Nbd2 Bb7 14.Ne5 Bxg2 15.Kxg2 c5
16.Nxd7 Qxd7 17.dxc5 Qd5+ 18.Nf3 Qxc5 19.Qxc5 Bxc5 20.Bxf6 gxf6 21.Rfd1 Rfc8
22.Rd7 Kf8 23.Rad1 Ke8 24.Rb7 Rd8 25.Rc1 Rac8 26.b3 Rd7 27.Rxd7 Kxd7 28.Ne1 f5
29.Nd3 Bd4 30.Rxc8 Kxc8 31.Kf3 Kd7 32.e4 fxe4+ 33.Kxe4 Bg7 34.g4 Kd6 35.f4 Bf6
36.h3 a5 37.Ne1 a4 38.Nd3 axb3 39.axb3 Bg7 40.h4 h5 41.gxh5 f5+ 42.Ke3 Kd5
43.Ne1 e5 44.fxe5 Bh6+ 45.Kf3 Kxe5 46.Nd3+ Kd4 47.Ke2 Kc3 48.Ne5 Kxb3 49.Nf7 Bg7
50.h6 Bf6 51.Nd6  1/2-1/2

[Event "TCh-RUS"]
[Site "Sochi RUS"]
[Date "2007.05.07"]
[Round "6"]
[White "Onischuk,Al"]
[Black "Karjakin,Sergey"]
[Result "0-1"]
[WhiteElo "2663"]
[BlackElo "2686"]

1.d4 d5 2.c4 dxc4 3.e4 Nf6 4.e5 Nd5 5.Bxc4 Nb6 6.Bd3 Nc6 7.Ne2 Bg4 8.f3 Be6
9.Nbc3 Bc4 10.Bxc4 Nxc4 11.Qb3 Nb6 12.Be3 e6 13.O-O Qd7 14.Rfd1 Nb4 15.Nf4 c6
16.Rac1 Be7 17.Ne4 O-O 18.Bf2 a5 19.Nh5 Kh8 20.f4 Qd5 21.Qg3 Rg8 22.Ng5 Bxg5
23.fxg5 Qe4 24.Re1 Qg6 25.Nf4 Qf5 26.a3 N6d5 27.Nxd5 Nxd5 28.Qh4 Ra6 29.Rf1 Qf4
30.Qh5 Rb6 31.Bg3 Qe3+ 32.Bf2 Qe4 33.Rce1 Qg6 34.Qxg6 fxg6 35.Re2 Rf8 36.Rc1 Rb3
37.Rd2 h6 38.gxh6 gxh6 39.Rc5 Ra8 40.Be1 Kg7 41.Rf2 a4 42.Bc3 Rf8 43.Rxf8 Kxf8
44.h4 Ke7 45.Rc4 Nxc3 46.Rxc3 Rxc3 47.bxc3 c5  0-1

[Event "TCh-RUS"]
[Site "Sochi RUS"]
[Date "2007.05.08"]
[Round "7"]
[White "Volokitin,And"]
[Black "Onischuk,Al"]
[Result "1/2-1/2"]
[WhiteElo "2654"]
[BlackElo "2663"]

1.e4 e5 2.Nf3 Nc6 3.Bb5 a6 4.Ba4 Nf6 5.O-O Be7 6.Re1 b5 7.Bb3 O-O 8.c3 d5
9.exd5 Nxd5 10.Nxe5 Nxe5 11.Rxe5 c6 12.d4 Bd6 13.Re1 Qh4 14.g3 Qh3 15.Re4 g5
16.Qf1 Qxf1+ 17.Kxf1 Bf5 18.Nd2 h6 19.Re1 Rae8 20.Nf3 g4 21.Bxh6 gxf3 22.Bxf8 Rxf8
23.Bd1 Bg4 24.a4 b4 25.c4 Nf6 26.c5 Bc7 27.Bb3 Nd5 28.a5 Ra8 29.Ba4 Bd7 30.Bd1 Bg4
31.Re4 Bf5 32.Re1 Bg4 33.Re4 Bf5 34.Re1  1/2-1/2

[Event "TCh-RUS"]
[Site "Sochi RUS"]
[Date "2007.05.09"]
[Round "8"]
[White "Tiviakov,S"]
[Black "Onischuk,Al"]
[Result "1/2-1/2"]
[WhiteElo "2663"]
[BlackElo "2663"]

1.e4 e5 2.Nf3 Nc6 3.Bc4 Nf6 4.d3 Be7 5.O-O O-O 6.Bb3 d5 7.exd5 Nxd5 8.h3 a5
9.a4 Be6 10.Re1 Bf6 11.Nbd2 Nf4 12.Bxe6 Nxe6 13.Nc4 Re8 14.Bd2 Nc5 15.Bc3 e4
16.Bxf6  1/2-1/2

[Event "TCh-RUS"]
[Site "Sochi RUS"]
[Date "2007.05.10"]
[Round "9"]
[White "Onischuk,Al"]
[Black "Lputian,S"]
[Result "1/2-1/2"]
[WhiteElo "2663"]
[BlackElo "2634"]

1.d4 d5 2.c4 e6 3.Nc3 Be7 4.Nf3 Nf6 5.cxd5 exd5 6.Bg5 c6 7.e3 Bf5 8.Bd3 Bxd3
9.Qxd3 Nbd7 10.O-O O-O 11.Rab1 a5 12.Qc2 Re8 13.h3 Ne4 14.Bxe7 Qxe7 15.Nxe4  1/2-1/2

[Event "ch-USA"]
[Site "Stillwater USA"]
[Date "2007.05.15"]
[Round "1"]
[White "Onischuk,Al"]
[Black "Browne,W"]
[Result "1-0"]
[WhiteElo "2663"]
[BlackElo "2447"]

1.d4 Nf6 2.c4 e6 3.Nf3 b6 4.g3 Ba6 5.b3 Bb4+ 6.Bd2 Be7 7.Bg2 c6 8.Bc3 d5
9.Ne5 Nfd7 10.Nxd7 Nxd7 11.Nd2 O-O 12.O-O Nf6 13.e4 b5 14.exd5 exd5 15.Re1 Rb8
16.c5 Bc8 17.Nf3 Ne4 18.Rxe4 dxe4 19.Ne5 Qd5 20.Qe1 f5 21.f3 Bxc5 22.dxc5 Qxc5+
23.Kh1 Re8 24.b4 Qd6 25.Nd3 Qc7 26.Rd1 a5 27.a3 axb4 28.axb4 Re7 29.fxe4 fxe4
30.Nc5 Bg4 31.Rd4 Rd8 32.Kg1 Rxd4 33.Bxd4 Qd6 34.Qe3 Bf3 35.Bf1 h6 36.Nb3 Qd5
37.Bc5 Re8 38.Nd4 Ra8 39.Qc3 Kh8 40.Nxf3 exf3 41.Qd3 Qf7 42.Qe4 Ra1 43.Qxc6 Qf5
44.Qe8+ Kh7 45.Qe3 Rd1 46.h4 h5 47.Qb3 Rb1 48.Qc3 Qe4 49.Be3 Qc4 50.Qxc4 bxc4
51.Kf2 Rxb4 52.Kxf3 c3 53.Bd3+ g6 54.Ke2 Rb2+ 55.Kd1 Rg2 56.Bf4 Kg7 57.Be4 c2+
58.Kc1 Re2 59.Bxc2 Kf6 60.Kd1 Re8 61.Kd2 Rd8+ 62.Ke3 Rc8 63.Bd3 Re8+ 64.Be4 Rc8
65.Kd4 Rd8+ 66.Bd5 Re8 67.Bc6 Re6 68.Bb5 Re1 69.Bd3 Re8 70.Bd2 Kg7 71.Be4 Rd8+
72.Ke3 Rc8 73.Kf4 Rc4 74.Ke5 Rc5+ 75.Bd5 Rc2 76.Be3 Rc8 77.Bd4 Rf8 78.Ke6+ Kh7
79.Bf6 Rb8 80.Kf7 Rb5 81.Be4 Ra5 82.Bxg6+ Kh6 83.Bg7+  1-0

[Event "ch-USA"]
[Site "Stillwater USA"]
[Date "2007.05.16"]
[Round "2"]
[White "Perelshteyn,E"]
[Black "Onischuk,Al"]
[Result "1/2-1/2"]
[WhiteElo "2531"]
[BlackElo "2663"]

1.e4 e5 2.Nf3 Nc6 3.Bb5 a6 4.Ba4 Nf6 5.O-O Be7 6.Re1 b5 7.Bb3 O-O 8.c3 d5
9.exd5 Nxd5 10.Nxe5 Nxe5 11.Rxe5 c6 12.d4 Bd6 13.Re1 Qh4 14.g3 Qh3 15.Be3 Bg4
16.Qd3 Rae8 17.Nd2 Re6 18.Qf1 Qh5 19.f3 Bf5 20.Ne4 Bxe4 21.fxe4 Rxe4 22.Bf2 Rfe8
23.Rxe4 Rxe4 24.Re1 Qg6 25.Rxe4 Qxe4 26.Qe1 Qxe1+ 27.Bxe1 Ne3 28.Bd2 Nc4
29.Bc1 f5 30.Bc2 g6 31.Kg2 Kf7 32.Kf3 Ke6 33.h3 c5 34.b3 Nb6 35.dxc5 Bxc5
36.Bd3 Nd7 37.Bf4 Bd6 38.g4 fxg4+ 39.hxg4 h5 40.Bxg6 hxg4+ 41.Kxg4 Nf6+ 42.Kf3 Bxf4
43.Kxf4 Nd5+ 44.Ke4 Nxc3+ 45.Kd4 Nxa2 46.Kc5 Ke5 47.b4 Kf4 48.Bf7 Nxb4  1/2-1/2

[Event "ch-USA"]
[Site "Stillwater USA"]
[Date "2007.05.17"]
[Round "3"]
[White "Onischuk,Al"]
[Black "Ivanov,AV USA"]
[Result "1-0"]
[WhiteElo "2663"]
[BlackElo "2565"]

1.d4 Nf6 2.c4 e6 3.Nf3 b6 4.g3 Ba6 5.b3 Bb4+ 6.Bd2 Be7 7.Bg2 O-O 8.O-O c6
9.Bc3 d5 10.Ne5 Nfd7 11.Nxd7 Nxd7 12.Nd2 Rb8 13.Bb2 Nf6 14.e4 c5 15.exd5 exd5
16.Re1 cxd4 17.cxd5 Bb7 18.Bxd4 Nxd5 19.Be5 Bd6 20.Bxd6 Qxd6 21.Ne4 Qg6 22.Qd4 h6
23.Rad1 Rfe8 24.Nd2 Red8 25.Nc4 Kh7 26.Qh4 Ba8 27.Ne5 Qf6 28.Qxf6 gxf6 29.Nxf7 Rd7
30.Rd4 Rf8 31.Red1 Rfxf7 32.Bxd5 Bxd5 33.Rxd5 Rxd5 34.Rxd5 Rc7 35.g4 Kg6
36.h4 a5 37.a4 Rc3 38.Rb5 h5 39.g5 Rc6 40.Kg2 fxg5 41.Rxg5+ Kh6 42.Rb5 Rg6+
43.Kf3 Rf6+ 44.Ke3 Re6+ 45.Kf4 Rf6+ 46.Rf5 Rc6 47.Ke4 Kg6 48.Rg5+ Kh6 49.f4 Rc3
50.Rb5 Rc6 51.Kf5 Rg6 52.Ke5 Kg7 53.Ke4 Kh6 54.Rg5 Re6+ 55.Re5 Rg6 56.Rb5 Rc6
57.f5 Rd6 58.Re5 Rd1 59.Re6+ Kg7 60.Kf4 Rd4+ 61.Re4 Rd3 62.Re3 Rd4+ 63.Kg5 Rb4
64.Rc3 Kf7 65.Rc7+ Ke8 66.Rc3 Kf7 67.f6 Ke6 68.Rc6+ Kd7 69.Rc4 Rxb3 70.Re4 b5
71.axb5 Rxb5+ 72.Kg6 Rb1 73.f7 Rf1 74.Re8  1-0

[Event "ch-USA"]
[Site "Stillwater USA"]
[Date "2007.05.18"]
[Round "4"]
[White "Kaidanov,G"]
[Black "Onischuk,Al"]
[Result "1/2-1/2"]
[WhiteElo "2595"]
[BlackElo "2663"]

1.Nf3 Nf6 2.c4 e6 3.g3 d5 4.d4 Be7 5.Bg2 O-O 6.O-O dxc4 7.Qc2 a6 8.a4 Bd7
9.Qxc4 Bc6 10.Bg5 Bd5 11.Qd3 c5 12.Nc3 Bc6 13.Rfd1 cxd4 14.Nxd4 Bxg2 15.Kxg2 Nbd7
16.Qf3 Qb8 17.Nb3 Ne5 18.Qf4 h6 19.Bxf6 Bxf6 20.Ne4 Be7 21.a5 Rc8 22.Rac1 Rxc1
23.Rxc1 Nc6 24.Rd1 Qxf4 25.gxf4 Rd8 26.Rxd8+ Nxd8 27.Nec5 g5 28.fxg5 hxg5
29.e4 f6 30.h3 Kf7 31.Kf3 Bd6 32.h4 gxh4 33.Kg4 f5+ 34.exf5 exf5+ 35.Kxh4 Kf6
36.f3 Bc7 37.Kh5 Ke5 38.Nd3+ Kd5 39.Kg5 Nc6 40.Kxf5 Nxa5 41.Nbc5 Bd6 42.b4 Bxc5  1/2-1/2

[Event "ch-USA"]
[Site "Stillwater USA"]
[Date "2007.05.19"]
[Round "5"]
[White "Onischuk,Al"]
[Black "Ehlvest,J"]
[Result "1/2-1/2"]
[WhiteElo "2663"]
[BlackElo "2640"]

1.d4 Nf6 2.c4 e6 3.Nc3 d5 4.Nf3 Bb4 5.cxd5 exd5 6.Bg5 h6 7.Bh4 g5 8.Bg3 Ne4
9.Nd2 Nxg3 10.hxg3 c6 11.a3 Be7 12.e3 Be6 13.Bd3 Nd7 14.f4 Nb6 15.Nf3 Bf6
16.Ne5 Qe7 17.Qf3 O-O-O 18.O-O-O Kb8 19.Kb1 Bg7 20.g4 Rhg8 21.Bf5 Rge8 22.Rhe1 Qc7
23.Bd3 Rg8 24.f5 Bc8 25.f6 Bf8 26.Rc1 a6 27.Bxa6 bxa6 28.Nxd5 Nxd5 29.Nxc6+ Ka8
30.Nxd8 Qxd8 31.Rxc8+ Qxc8 32.Qxd5+ Qb7 33.Qxb7+ Kxb7 34.e4 Bd6 35.Kc2 Kc6
36.Kd3 Rb8 37.Rc1+ Kd7 38.b4 a5 39.bxa5 Rb5 40.a4 Rxa5 41.Rc4 Ke6 42.e5 Bxe5
43.dxe5 Kxe5 44.Kc3 Kd5 45.Rd4+ Kc5 46.Rb4 Kc6 47.Rc4+ Kd5 48.Rd4+ Kc5 49.Re4 Ra6
50.Rc4+ Kd5 51.Rd4+ Kc5 52.Rb4 Rxf6 53.Rb5+ Kc6 54.Rb2  1/2-1/2

[Event "ch-USA"]
[Site "Stillwater USA"]
[Date "2007.05.20"]
[Round "6"]
[White "Onischuk,Al"]
[Black "Shabalov,A"]
[Result "1-0"]
[WhiteElo "2663"]
[BlackElo "2606"]

1.d4 d5 2.c4 c6 3.Nc3 Nf6 4.Nf3 e6 5.Bg5 dxc4 6.e4 b5 7.e5 h6 8.Bh4 g5 9.Nxg5 hxg5
10.Bxg5 Nbd7 11.exf6 Qa5 12.Be2 Bb7 13.O-O O-O-O 14.Qc1 c5 15.Rd1 cxd4 16.Rxd4 Bc5
17.b4 Qxb4 18.Rb1 Qxb1 19.Qxb1 Bxd4 20.Nxb5 Ne5 21.Bf4 Nc6 22.Nd6+ Rxd6 23.Bxd6 c3
24.Bf3 Bb6 25.Bb4 Bd4 26.Bxc3  1-0

[Event "ch-USA"]
[Site "Stillwater USA"]
[Date "2007.05.22"]
[Round "8"]
[White "Kudrin,S"]
[Black "Onischuk,Al"]
[Result "1/2-1/2"]
[WhiteElo "2556"]
[BlackElo "2663"]

1.e4 e5 2.Nf3 Nc6 3.Bc4 Nf6 4.d3 Be7 5.O-O O-O 6.Bb3 d5 7.exd5 Nxd5 8.h3 a5
9.Re1 Bf6 10.Nbd2 Nf4 11.a4 Be6 12.Bxe6 Nxe6 13.Nc4 Re8 14.Nfxe5 Nxe5 15.Nxe5 Nd4
16.Bf4 Qd6 17.c3 Bxe5 18.Rxe5 Rxe5 19.Bxe5 Qxe5 20.cxd4 Qxd4 21.Rc1 Qd6 22.Qb3 b6
23.Qc4 Rc8 24.Qc6 Qxc6 25.Rxc6 Kf8 26.Kf1 Ke7 27.Ke2 Kd7 28.Rc4 Re8+ 29.Kd2 Re5
30.Rd4+ Ke6 31.Rd8 Rf5 32.f3 Rf4 33.d4 Ke7 34.Rd5 Rf6 35.Rg5 g6 36.Re5+ Re6
37.Rb5 Kd6 38.h4 h5 39.Rg5 Rf6 40.Ke3 Re6+ 41.Kd2 Rf6  1/2-1/2

[Event "GM"]
[Site "Biel SUI"]
[Date "2007.07.23"]
[Round "1"]
[White "Onischuk,Al"]
[Black "Radjabov,T"]
[Result "1/2-1/2"]
[WhiteElo "2650"]
[BlackElo "2746"]

1.d4 Nf6 2.c4 g6 3.Nc3 Bg7 4.Nf3 d6 5.g3 O-O 6.Bg2 Nc6 7.O-O Bg4 8.h3 Bxf3
9.Bxf3 Nd7 10.e3 e5 11.d5 Ne7 12.e4 f5 13.Bg2 a5 14.exf5 gxf5 15.f4 e4 16.Be3 Nc5
17.Qe2 Nd3 18.Rfd1 a4 19.Rxd3 exd3 20.Qxd3 Qd7 21.Re1 Rae8 22.Bf2 Ng6 23.Re6 Kh8
24.Rxe8 Rxe8 25.Qc2 Ra8 26.Nb5 Kg8 27.Nd4 Bxd4 28.Bxd4 b6 29.Bf3 Re8 30.Kg2 Kf7
31.Bc3 Ke7 32.Bd1 a3 33.bxa3 Kd8 34.a4 Kc8 35.Bf3 Kb7 36.a5 Qe7 37.axb6 Nxf4+
38.gxf4 Qe3 39.bxc7 Rg8+ 40.Bg4 fxg4 41.Qb3+ Ka7 42.Qa4+ Kb7 43.Qb5+ Ka7
44.Qa4+ Kb7 45.Qc6+ Ka7 46.Qa4+  1/2-1/2

[Event "GM"]
[Site "Biel SUI"]
[Date "2007.07.25"]
[Round "3"]
[White "Pelletier,Y"]
[Black "Onischuk,Al"]
[Result "1/2-1/2"]
[WhiteElo "2591"]
[BlackElo "2650"]

1.d4 Nf6 2.c4 e6 3.g3 d5 4.Bg2 Be7 5.Nf3 O-O 6.O-O dxc4 7.Qc2 a6 8.Qxc4 b5
9.Qc2 Bb7 10.Bd2 Be4 11.Qc1 Qc8 12.Bg5 Nbd7 13.Nbd2 Bb7 14.Nb3 a5 15.Bxf6 Bxf6
16.Nc5 Nxc5 17.Qxc5 Rd8 18.Rac1 Bxf3 19.Bxf3 Bxd4 20.Qxb5 Qb8 21.Qc4 Ra7
22.b3 Qb4 23.Rfd1 Qxc4 24.bxc4 Rd6 25.Rb1 g6  1/2-1/2

[Event "GM"]
[Site "Biel SUI"]
[Date "2007.07.27"]
[Round "4"]
[White "Onischuk,Al"]
[Black "Van Wely,L"]
[Result "1-0"]
[WhiteElo "2650"]
[BlackElo "2680"]

1.d4 d5 2.c4 c6 3.Nc3 Nf6 4.Nf3 e6 5.Bg5 dxc4 6.e4 b5 7.e5 h6 8.Bh4 g5 9.Nxg5 hxg5
10.Bxg5 Nbd7 11.exf6 Bb7 12.g3 c5 13.d5 Nxf6 14.Bg2 Bh6 15.Bxf6 Qxf6 16.O-O O-O-O
17.Nxb5 a6 18.Nc3 exd5 19.Re1 Kb8 20.Na4 Bf8 21.Rc1 Bc6 22.b3 Bh6 23.Rc2 Qd4
24.Qb1 Ka7 25.bxc4 Bxa4 26.Rb2 Rd6 27.Bxd5 Rxd5 28.Rb7+ Ka8 29.Qb6  1-0

[Event "GM"]
[Site "Biel SUI"]
[Date "2007.07.28"]
[Round "5"]
[White "Carlsen,M"]
[Black "Onischuk,Al"]
[Result "1-0"]
[WhiteElo "2710"]
[BlackElo "2650"]

1.d4 Nf6 2.c4 e6 3.Nf3 d5 4.Bg5 h6 5.Bxf6 Qxf6 6.Nc3 c6 7.Qb3 dxc4 8.Qxc4 Nd7
9.e3 g6 10.Be2 Bg7 11.O-O O-O 12.Rfd1 e5 13.Ne4 Qe7 14.d5 cxd5 15.Qxd5 Nb6
16.Qc5 Qxc5 17.Nxc5 Bg4 18.h3 Rac8 19.Nxb7 Be6 20.b3 Rc2 21.Bf1 Nd5 22.Bc4 Nc3
23.Rd2 Rxd2 24.Nxd2 e4 25.Kf1 Rb8 26.Nc5 Bxc4+ 27.Nxc4 Rb5 28.Na6 Bf8 29.b4 Bxb4
30.a4 Rb7 31.Rc1 Nd5 32.Rb1 f5 33.a5 Kg7 34.Ne5 f4 35.exf4 e3 36.fxe3 Nxe3+
37.Kg1 Nd5 38.Kh1 Rb5 39.Nc6  1-0

[Event "GM"]
[Site "Biel SUI"]
[Date "2007.08.01"]
[Round "8"]
[White "Onischuk,Al"]
[Black "Avrukh,B"]
[Result "1-0"]
[WhiteElo "2650"]
[BlackElo "2645"]

1.d4 Nf6 2.c4 g6 3.Nc3 d5 4.Nf3 Bg7 5.Qb3 dxc4 6.Qxc4 O-O 7.e4 Nc6 8.Be2 Bg4
9.d5 Na5 10.Qb4 Bxf3 11.Bxf3 c6 12.O-O Qb6 13.Qa4 Nd7 14.Rd1 Rfd8 15.Qc2 Rac8
16.Be3 Qb4 17.dxc6 bxc6 18.Be2 Nc4 19.Bxc4 Qxc4 20.Rac1 Nb6 21.h3 Bxc3 22.Rxd8+ Rxd8
23.Qxc3 Qxa2 24.b3 Qe2 25.Qe5 Rd1+ 26.Kh2 Rxc1 27.Qxe7 Rh1+ 28.Kxh1 Qd1+
29.Kh2 Qd7 30.Qf6 Qe6 31.Qd8+ Kg7 32.Bd4+ f6 33.Qc7+ Nd7 34.Qxa7 g5 35.Qc7 Kg6
36.f3 h5 37.f4 gxf4 38.Qxf4 Kf7 39.b4 Kg6 40.Be3 Qe5 41.Kg3 Qxf4+ 42.Kxf4 Nf8
43.g4 Ne6+ 44.Kg3 hxg4 45.Kxg4 Ng7 46.h4 Nh5 47.Bd4 Ng7 48.Bc5 Ne6 49.h5+ Kf7
50.h6 Ng5 51.Kf5 Nf3 52.Bf2 Nd2 53.Bd4 Nc4 54.Bxf6  1-0

[Event "23rd ECC Men"]
[Site "Kemer TUR"]
[Date "2007.10.09"]
[Round "7"]
[White "Smirin,I"]
[Black "Onischuk,Al"]
[Result "1/2-1/2"]
[WhiteElo "2649"]
[BlackElo "2674"]

1.e4 e5 2.Nf3 Nc6 3.Bb5 a6 4.Ba4 Nf6 5.O-O Be7 6.Re1 b5 7.Bb3 O-O 8.a4 b4
9.d3 d6 10.Nbd2 Na5 11.Ba2 Be6 12.d4 Bxa2 13.Rxa2 d5 14.Ra1 dxe4 15.dxe5 exf3
16.exf6 Bxf6 17.Qxf3 Re8 18.Rxe8+ Qxe8 19.Ne4 Be5 20.Bd2 Nc4 21.Re1 Nxd2
22.Nxd2 Rd8 23.Qe2 Qe6 24.Nc4 Bf6 25.Qxe6 fxe6 26.Kf1 Kf7 27.Ke2 Rd4 28.b3 Re4+
29.Kf1 Rd4 30.g3 g5 31.f3 h5 32.h3 h4 33.g4 Ke7 34.Ke2 Kd7 35.Ne3 Be5 36.Nc4 Bf4
37.Rd1 Rxd1 38.Kxd1 Kc6 39.Ke2 Kd5 40.Kd3 Bc1 41.c3 bxc3 42.Kxc3 c5 43.Kd3  1/2-1/2

[Event "Frank K Berry ch-USA"]
[Site "Tulsa USA"]
[Date "2008.05.14"]
[Round "2"]
[White "Ippolito,D"]
[Black "Onischuk,Al"]
[Result "0-1"]
[WhiteElo "2425"]
[BlackElo "2664"]

1.d4 Nf6 2.c4 e6 3.Nc3 Bb4 4.Qc2 O-O 5.a3 Bxc3+ 6.Qxc3 b6 7.Bg5 Bb7 8.f3 h6
9.Bh4 d5 10.e3 Nbd7 11.cxd5 Nxd5 12.Bxd8 Nxc3 13.Be7 Rfe8 14.Bh4 Nd5 15.Bf2 Rac8
16.Bb5 c6 17.Ba4 e5 18.O-O-O exd4 19.e4 Nc5 20.Rxd4 Nf4 21.Bc2 Ba6 22.Rd2 Ncd3+
23.Kb1 Nxf2 24.Rxf2 Rcd8 25.Nh3 Nxh3 26.gxh3 Re5 27.f4 Rh5 28.Rg1 Rxh3 29.Rfg2 g6
30.e5 Bc4 31.Be4 Rh4 32.Rc1 Rd4 33.Bxc6 Rhxf4 34.Rg3 Kg7 35.Bf3 Rd2 36.h3 Rd3
37.Rg4 Rdxf3 38.Rxc4 Rxc4 39.Rxc4 Rxh3 40.Rc7 Re3  0-1

[Event "Frank K Berry ch-USA"]
[Site "Tulsa USA"]
[Date "2008.05.18"]
[Round "6"]
[White "Onischuk,Al"]
[Black "Becerra Rivero,J"]
[Result "1/2-1/2"]
[WhiteElo "2664"]
[BlackElo "2575"]

1.e4 e5 2.Nf3 Nc6 3.Bb5 a6 4.Bxc6 dxc6 5.O-O Bg4 6.h3 h5 7.d3 Qf6 8.Nbd2 Ne7
9.Re1 Ng6 10.d4 Nf4 11.dxe5 Qg6 12.Nh4 Bxd1 13.Nxg6 Nxg6 14.Rxd1 O-O-O 15.Re1 Nxe5
16.a3 Bc5 17.Nf1 Bd4 18.Ne3 g6 19.Kf1 Rhe8 20.Rb1 b5 21.Rd1 Bxe3 22.Rxd8+ Rxd8
23.Bxe3 Nc4 24.Ke2 Re8 25.Kd3 Rd8+ 26.Ke2  1/2-1/2

[Event "Frank K Berry ch-USA"]
[Site "Tulsa USA"]
[Date "2008.05.19"]
[Round "7"]
[White "Kaidanov,G"]
[Black "Onischuk,Al"]
[Result "0-1"]
[WhiteElo "2596"]
[BlackElo "2664"]

1.e4 e5 2.Nf3 Nc6 3.Bc4 Nf6 4.Ng5 d5 5.exd5 Na5 6.Bb5+ c6 7.dxc6 bxc6 8.Qf3 Be7
9.Bd3 O-O 10.O-O h6 11.Ne4 Nd5 12.Ng3 Nb4 13.Nf5 Bg5 14.Re1 Nxd3 15.cxd3 Qf6
16.Ng3 Qxf3 17.gxf3 c5 18.Rxe5 Nc6 19.Rxc5 Nd4 20.Nc3 Nxf3+ 21.Kh1 Ne1 22.Nce4 f5
23.Nd6 Be7 24.Rxc8 Raxc8 25.Nxc8 Rxc8 26.b4 Nxd3 27.Ba3 g6 28.Rb1 Rc2 29.Nf1 Rxa2
30.Rb3 Nxf2+ 31.Kg1 Ne4 32.Bb2 Kf7 33.d3 Ng5 34.Nd2 Bf6 35.Nc4 Nf3+ 36.Kg2 Bxb2
37.Kxf3 Bd4 38.Kg3 g5 39.Ra3 Rxa3 40.Nxa3 Ke6 41.Nc2 Ke5 42.h3 Bb6  0-1

[Event "Frank K Berry ch-USA"]
[Site "Tulsa USA"]
[Date "2008.05.21"]
[Round "9"]
[White "Onischuk,Al"]
[Black "Fedorowicz,J"]
[Result "1-0"]
[WhiteElo "2664"]
[BlackElo "2459"]

1.d4 Nf6 2.c4 g6 3.Nc3 Bg7 4.Nf3 O-O 5.e4 d6 6.Be2 e5 7.Be3 Ng4 8.Bg5 f6
9.Bh4 g5 10.Bg3 Nh6 11.d5 f5 12.exf5 Nxf5 13.Nd2 Nd4 14.Nde4 Bf5 15.h4 Nxe2
16.Qxe2 g4 17.h5 h6 18.c5 Na6 19.c6 Qc8 20.O-O b6 21.f3 Rf7 22.Qc4 Nc5 23.b4 Qa6
24.Qxa6 Nxa6 25.a3 Raf8 26.Rae1 gxf3 27.Rxf3 Bg4 28.Rxf7 Rxf7 29.Nb5 Bxh5
30.Nxa7 Rf8 31.Nb5 Bg6 32.Nbc3 h5 33.Rf1 Bh6 34.Rxf8+ Kxf8 35.Kf2 Bc1 36.b5 Nc5
37.Nxc5 bxc5 38.b6  1-0

[Event "TCh-UKR"]
[Site "Alushta UKR"]
[Date "2008.05.26"]
[Round "7"]
[White "Onischuk,Al"]
[Black "Stoockalov,V"]
[Result "1-0"]
[WhiteElo "2664"]
[BlackElo "2295"]

1.d4 Nf6 2.c4 g6 3.Nc3 Bg7 4.e4 d6 5.Nf3 O-O 6.Be2 e5 7.Be3 Ng4 8.Bg5 f6
9.Bc1 Nh6 10.dxe5 dxe5 11.Qxd8 Rxd8 12.Nd5 Nc6 13.Nxc7 Rb8 14.Nd5 Nf7 15.Be3 f5
16.Rd1 h6 17.exf5 gxf5 18.g3 Be6 19.O-O Rd7 20.b4 Rbd8 21.a3 b6 22.Nh4 Ng5
23.f4 exf4 24.Nxf4 Rxd1 25.Rxd1 Rxd1+ 26.Bxd1 Bxc4 27.Nxf5 Bf8 28.Ng6 Be6
29.Bg4 Nd4 30.Nxd4  1-0

[Event "24th ECC"]
[Site "Kallithea GRE"]
[Date "2008.10.19"]
[Round "3"]
[White "Bezold,M"]
[Black "Onischuk,Al"]
[Result "0-1"]
[WhiteElo "2513"]
[BlackElo "2644"]

1.d4 d5 2.c4 e6 3.Nc3 Bb4 4.Nf3 Nf6 5.Bg5 Nbd7 6.e3 c5 7.cxd5 exd5 8.Bd3 Qa5
9.O-O c4 10.Bf5 Bxc3 11.bxc3 Ne4 12.Qc2 Ndf6 13.Bxc8 Rxc8 14.Bxf6 Nxf6 15.Nd2 O-O
16.Rab1 Qc7 17.f3 Rce8 18.Rfe1 Re6 19.Nf1 Rfe8 20.g4 g6 21.Kg2 R8e7 22.Re2 h5
23.h3 h4 24.Qc1 Nh7 25.Qe1 g5 26.Rb5 Qd7 27.Qb1 a6 28.Rb4 b5 29.Kf2 Nf8 30.a4 bxa4
31.Qf5 a5 32.Rb8 f6 33.Ra8 Rb6 34.Rxa5 Qxf5 35.gxf5 Rb3 36.Rxa4 Rxc3 37.Ra5 Rd7
38.Rb2 Rc1 39.Ra8 Kg7 40.Rbb8 Rc2+ 41.Ke1 Rf7 42.Nd2 c3 43.Nb3 Rh2 44.Kd1 Rxh3
45.Nc5 Rxf3 46.Rxf8 Rxf8 47.Ne6+ Kf7 48.Rxf8+ Ke7 49.Rh8 Rxf5 50.Nc5 Rf2
51.Ke1 Rh2 52.Nd3 g4 53.Rc8 g3 54.Kf1 h3 55.Rxc3 Rh1+  0-1

[Event "24th ECC"]
[Site "Kallithea GRE"]
[Date "2008.10.22"]
[Round "6"]
[White "Naiditsch,A"]
[Black "Onischuk,Al"]
[Result "1/2-1/2"]
[WhiteElo "2678"]
[BlackElo "2644"]

1.e4 e5 2.Nf3 Nc6 3.Bb5 a6 4.Ba4 Nf6 5.O-O Be7 6.Re1 b5 7.Bb3 O-O 8.c3 d5
9.exd5 Nxd5 10.Nxe5 Nxe5 11.Rxe5 c6 12.d4 Bd6 13.Re1 Qh4 14.g3 Qh3 15.Be3 Bg4
16.Qd3 Rae8 17.Nd2 Re6 18.Qf1 Qh5 19.f3 Nxe3 20.Qf2 Nd5 21.fxg4 Qxg4 22.Qf3 Qg5
23.Rxe6 fxe6 24.Ne4 Qg6 25.Qd3 Be7 26.Re1 Qf5 27.Qe2 e5 28.dxe5 Qxe5 29.Nd2 Qxe2
30.Rxe2 Re8 31.Kf1 Kf8 32.Re6 Rd8 33.Nf3 Rd6 34.Nd4 b4 35.Rxd6 Bxd6 36.Bxd5 cxd5
37.cxb4 Bxb4 38.Ne6+ Kf7 39.Nc7 a5 40.Nxd5 Bc5 41.Ke2 Ke6 42.Nf4+ Kd6 43.Kd3 Bg1
44.Ne2 Bxh2 45.Ke4 h5 46.Kf3 h4 47.gxh4 Be5 48.b3 Kc5 49.Ke4 Bf6 50.h5 Kb4
51.Kd3 a4 52.bxa4 Kxa4 53.Ke4 Ka3 54.Kf5 Kxa2 55.Nf4 Kb3 56.Kg6 Kc4 57.Ne6 Bb2
58.Nxg7 Bc1 59.Ne6 Kd5 60.Ng5 Kd6 61.h6 Ke7 62.h7 Bb2 63.Ne4 Bd4 64.Nc5 Be5
65.Nd3 Bd4 66.Nf4 Bh8 67.Nh5 Ke6 68.Ng3 Ke7 69.Nf5+  1/2-1/2

[Event "24th ECC"]
[Site "Kallithea GRE"]
[Date "2008.10.23"]
[Round "7"]
[White "Onischuk,Al"]
[Black "Volkov,Sergey1"]
[Result "1/2-1/2"]
[WhiteElo "2644"]
[BlackElo "2632"]

1.d4 d5 2.c4 c6 3.Nc3 Nf6 4.Nf3 a6 5.g3 dxc4 6.a4 e6 7.Bg2 c5 8.dxc5 Qxd1+
9.Nxd1 Bxc5 10.Be3 Nbd7 11.Nd2 c3 12.bxc3 Bxe3 13.Nxe3 Nc5 14.O-O Bd7 15.Rfb1 Rb8
16.a5 Ke7 17.Rb4 Rhc8 18.Nb3 Nxb3 19.Rxb3 Bc6 20.Rab1 Bxg2 21.Kxg2 Rc7 22.Rb4 Nd7
23.Nc4 Nc5 24.Nb2 Rd8 25.Nd3 Nxd3 26.exd3 Rdd7 27.R1b3 Kd8 28.d4 Kc8 29.Kf3 Rd5
30.Ra3 Rf5+ 31.Ke3 g5 32.f3 Rd7 33.c4 h5 34.Ke4 h4 35.d5 Rf6 36.Rb6 exd5+
37.cxd5 Rxb6 38.axb6 Rd6 39.Rc3+ Kd8 40.Rc7 Rxb6 41.Rxf7 a5 42.f4 Ke8 43.Rc7 gxf4
44.gxh4 a4 45.Rc3 Rb3 46.Rc8+ Kd7 47.Ra8 a3 48.Kxf4 Kd6 49.Ke4 Rh3 50.Kd4 Rxh4+
51.Kc3 b5 52.Kb3 b4 53.Ra5 Rf4 54.Rb5 Rd4 55.Kc2 Rf4 56.Kb3 Kc7 57.Ka2 Re4
58.Kb3 Rh4 59.h3 Rf4 60.Ka2 Kd6 61.Kb3 Re4 62.Ra5 Ke5 63.Rb5 Rd4 64.Kc2 Re4
65.Kb3 Rf4 66.Ra5 Kd6 67.Rb5 Kc7 68.Ka2 Rf2+ 69.Ka1 Rb2 70.h4 Kd6 71.h5 b3
72.h6 Ra2+ 73.Kb1 Rb2+ 74.Ka1  1/2-1/2